| 000 | 005290000a22001570004500 | ||
|---|---|---|---|
| 003 | MACL | ||
| 005 | 20171224133220.0 | ||
| 008 | 171224b xxu||||| |||| 00| 0 eng d | ||
| 040 | _cmacl | ||
| 100 |
_aव्यास ,केदारनाथ _910561 |
||
| 245 | _aभ्ाारतीय खेल फुटबाल | ||
| 260 |
_bबीकानेर _cअनुराधा प्रकाशन _a2008 |
||
| 350 | _a25 | ||
| 650 |
_aचिल्ड्रन बुक _9159 |
||
| 942 |
_cHIN _k741.642/VYA _2ddc |
||
| 999 |
_c41197 _d41197 |
||